00387pab a2200145 454500008004000000100001800040245007000058260000900128300001600137362001100153650001500164650001000179650001800189773003400207180718b2005 xxu||||| |||| 00| 0 eng d aPatel, Vikram aGender and mental health: a review of two textbooks of psychiatry c2005 ap.1850-858. a30 Apr aPsychiatry aWomen aMental health aEconomic and Political Weekly